Every Place in North Dakota on a Map - Statistics

General Stats
  • This quiz has been taken 158 times
  • The average score is 55 of 406
Answers on the Map
Answers color-coded by a green-red scale on the quiz's map according to % correct below.
 
Answer Stats
Population Place % Correct
73,622 Bismarck
93%
125,990 Fargo
92%
59,166 Grand Forks
75%
48,377 Minot
70%
38,626 West Fargo
65%
29,160 Williston
56%
25,679 Dickinson
55%
15,849 Jamestown
52%
7,192 Devils Lake
47%
24,206 Mandan
46%
2,194 Bottineau
42%
4,257 Lincoln
40%
8,007 Wahpeton
39%
512 Pembina
38%
2,509 Rugby
36%
6,575 Valley City
34%
4,170 Grafton
32%
121 Medora
32%
2,764 New Town
32%
6,207 Watford City
32%
1,470 Bowman
31%
2,080 Carrington
31%
1,246 Cavalier
31%
665 Steele
31%
981 Beach
30%
1,074 Hettinger
29%
2,321 Stanley
28%
3,058 Beulah
27%
176 Fort Yates
27%
1,649 Hillsboro
27%
1,909 Langdon
27%
2,204 Lisbon
27%
5,017 Minot AFB
27%
479 Towner
27%
2,479 Casselton
26%
1,125 Ellendale
26%
3,085 Horace
26%
484 Rolette
26%
1,086 Velva
26%
1,854 Mayville
25%
1,223 Rolla
25%
1,065 Crosby
24%
632 Dunseith
24%
764 LaMoure
24%
864 Cannon Ball
23%
683 Lakota
23%
331 Max
23%
199 Minnewaukan
23%
2,202 Tioga
23%
1,300 Washburn
23%
301 Bowbells
22%
939 Killdeer
22%
1,071 Linton
22%
1,510 Belcourt
21%
983 Cooperstown
21%
1,260 Larimore
21%
616 Minto
21%
653 Mott
21%
893 Walhalla
21%
221 Zap
21%
24 Amidon
20%
1,462 Garrison
20%
2,002 Grand Forks AFB
20%
1,320 Mapleton
20%
1,361 New Rockford
20%
1,798 Oakes
20%
127 Adams
19%
996 Belfield
19%
1,291 Burlington
19%
1,117 Cando
19%
588 Center
19%
757 Drayton
19%
585 Edgeley
19%
1,160 Fort Totten
19%
1,650 Harvey
19%
961 Kenmare
19%
889 Kindred
19%
694 Mohall
19%
683 New England
19%
973 New Salem
19%
1,424 Park River
19%
368 Stanton
19%
268 Tower City
19%
613 Ashley
18%
401 Finley
18%
217 Flasher
18%
921 Hankinson
18%
749 Napoleon
18%
125 Portal
18%
740 Ray
18%
186 Sheyenne
18%
542 Turtle Lake
18%
195 Buffalo
17%
881 Enderlin
17%
2,281 Hazen
17%
578 Portland
17%
322 St. John
17%
1,357 Surrey
17%
1,101 Thompson
17%
230 Anamoose
16%
348 Buxton
16%
254 Carson
16%
292 Drake
16%
199 Edinburg
16%
543 Elgin
16%
509 Forman
16%
712 Hatton
16%
322 McClusky
16%
190 Page
16%
949 Parshall
16%
385 Powers Lake
16%
207 Fordville
15%
91 Fort Ransom
15%
794 Harwood
15%
247 Hoople
15%
272 Hope
15%
442 Leeds
15%
377 Manvel
15%
125 Marion
15%
190 Munich
15%
982 Northwood
15%
381 Oxbow
15%
323 St. Thomas
15%
139 Edmore
14%
462 Fessenden
14%
404 Glenburn
14%
732 Glen Ullin
14%
221 Grenora
14%
368 Kulm
14%
141 Lignite
14%
264 Medina
14%
88 Mercer
14%
394 South Heart
14%
379 Strasburg
14%
718 Wilton
14%
864 Wishek
14%
319 Alexander
13%
100 Almont
13%
480 Argusville
13%
116 Crystal
13%
443 Emerado
13%
84 Epping
13%
191 Golden Valley
13%
240 Granville
13%
102 Lankin
13%
169 Litchville
13%
101 Marmarth
13%
80 Mountain
13%
344 Neche
13%
96 Newburg
13%
170 Regent
13%
230 Taylor
13%
374 Westhope
13%
17 York
13%
22 Antler
12%
31 Berlin
12%
490 Berthold
12%
139 Columbus
12%
74 Dawson
12%
89 Dodge
12%
30 Fortuna
12%
281 Gackle
12%
118 Galesburg
12%
924 Gwinner
12%
794 Hebron
12%
248 Leonard
12%
691 Mandaree
12%
85 Montpelier
12%
123 Pick City
12%
692 Richardton
12%
86 Sharon
12%
70 Solen
12%
149 Streeter
12%
217 Tappen
12%
784 Underwood
12%
363 White Shield
12%
132 Wing
12%
82 Zeeland
12%
244 Abercrombie
11%
144 Carpio
11%
59 Coleharbor
11%
129 Gardner
11%
186 Grandin
11%
238 Lansford
11%
600 Lidgerwood
11%
78 Menoken
11%
624 Milnor
11%
13 Nash
11%
218 New Leipzig
11%
114 Oriska
11%
162 Petersburg
11%
89 Pisek
11%
94 Rocklake
11%
37 Souris
11%
60 Tuttle
11%
109 Ypsilanti
11%
328 Arthur
10%
57 Cleveland
10%
30 Clifford
10%
13 Denhoff
10%
227 Dunn Center
10%
500 East Dunseith
10%
343 Fairmount
10%
109 Forest River
10%
195 Frontier
10%
223 Hazelton
10%
332 Hunter
10%
22 Knox
10%
402 Maddock
10%
47 Manning
10%
64 McHenry
10%
125 Reeder
10%
95 Ross
10%
319 Sawyer
10%
258 Scranton
10%
194 Sherwood
10%
488 Trenton
10%
55 Warwick
10%
149 Willow City
10%
53 Alamo
9%
234 Aneta
9%
194 Apple Valley
9%
31 Ardoch
9%
16 Blanchard
9%
18 Braddock
9%
87 Buchanan
9%
70 Butte
9%
172 Colfax
9%
113 Crary
9%
185 Des Lacs
9%
243 Gilby
9%
84 Golva
9%
8 Hannah
9%
67 Havana
9%
16 Heimdal
9%
38 Inkster
9%
247 Logan
9%
22 McLeod
9%
137 Noonan
9%
197 Porcupine
9%
56 Prairie Rose
9%
158 Rhame
9%
29 Spiritwood
9%
100 Starkweather
9%
43 Wolford
9%
454 Wyndmere
9%
32 Alsen
8%
282 Arnegard
8%
11 Ayr
8%
57 Briarwood
8%
31 Canton City (Hensel)
8%
9 Churchs Ferry
8%
256 Davenport
8%
75 Donnybrook
8%
93 Douglas
8%
9 Grano
8%
241 Halliday
8%
46 Hamilton
8%
259 Harmon
8%
24 Kramer
8%
63 Martin
8%
89 Maxbass
8%
392 McVille
8%
39 Milton
8%
30 Monango
8%
55 North River
8%
101 Oberon
8%
10 Overly
8%
6 Perth
8%
41 Pingree
8%
703 Reile's Acres
8%
277 Reynolds
8%
1 Ruso
8%
135 Upham
8%
10 Wales
8%
41 Alice
7%
24 Ambrose
7%
31 Auburn
7%
47 Bathgate
7%
110 Bisbee
7%
137 Bowdon
7%
37 Caledonia
7%
15 Calvin
7%
73 East Fairview
7%
32 Egeland
7%
60 Flaxton
7%
500 Four Bears Village
7%
56 Foxholm
7%
271 Gladstone
7%
106 Goodrich
7%
11 Hamberg
7%
29 Hampden
7%
41 Landa
7%
28 Leith
7%
9 Loraine
7%
148 Makoti
7%
31 Nekoma
7%
46 Niagara
7%
51 Nome
7%
7 Orrin
7%
105 Osnabrock
7%
223 Riverdale
7%
36 Robinson
7%
108 Ryder
7%
16 Sarles
7%
127 Selfridge
7%
61 Sentinel Butte
7%
1,146 Shell Valley
7%
41 Tolley
7%
136 Tolna
7%
59 Verona
7%
46 Voltaire
7%
100 White Earth
7%
115 Wildrose
7%
178 Wimbledon
7%
20 Balfour
6%
66 Balta
6%
6 Bantry
6%
13 Barton
6%
68 Benedict
6%
10 Bergen
6%
170 Binford
6%
30 Brinsmade
6%
34 Brocket
6%
76 Brooktree Park
6%
18 Bucyrus
6%
8 Calio
6%
20 Cathay
6%
40 Cayuga
6%
151 Christine
6%
73 Cogswell
6%
15 Conway
6%
17 Dahlen
6%
78 Dazey
6%
94 Deering
6%
42 Dickey
6%
68 Driscoll
6%
54 Erie
6%
91 Esmond
6%
30 Fairdale
6%
36 Forbes
6%
38 Fredonia
6%
62 Fullerton
6%
24 Gardena
6%
21 Gascoyne
6%
94 Glenfield
6%
53 Grace City
6%
605 Green Acres
6%
70 Hague
6%
126 Hannaford
6%
15 Hansboro
6%
15 Haynes
6%
15 Heil
6%
64 Hurdsfield
6%
65 Jud
6%
87 Karlsruhe
6%
66 Kathryn
6%
146 Kensal
6%
8 Kief
6%
9 Larson
6%
15 Lawton
6%
81 Lehr
6%
10 Loma
6%
15 Ludden
6%
47 McGregor
6%
263 Michigan City
6%
177 Mooreton
6%
21 Mylo
6%
125 Palermo
6%
75 Pekin
6%
60 Pettibone
6%
12 Pillsbury
6%
211 Plaza
6%
14 Raleigh
6%
35 Regan
6%
49 Rogers
6%
151 Ruthville
6%
163 Rutland
6%
161 Sanborn
6%
40 Selz
6%
95 Sheldon
6%
97 Spiritwood Lake
6%
105 Sykeston
6%
21 Venturia
6%
262 Walcott
6%
92 Wheatland
6%
44 Woodworth
6%
85 Amenia
5%
40 Barney
5%
36 Courtenay
5%
25 De Lamere
5%
80 Dwight
5%
24 Elliott
5%
41 Embden
5%
49 Great Bend
5%
27 Leal
5%
67 Mantador
5%
19 Sibley
5%
37 Springbrook
5%
17 Sutton
5%
36 Englevale
4%
92 Fingal
4%
22 Jessie
4%
28 Luverne
4%
61 Blacktail
2%
104 Long Creek
2%
No matching quizzes found
Score Distribution
Percent of People with Each Score
Percentile by Number Answered
Your Score History
You have not taken this quiz